[Event "Saint Louis Blitz 2024"]
[Site "Saint Louis USA"]
[Date "2024.08.16"]
[Round "15.3"]
[White "Firouzja, Alireza"]
[Black "Abdusattorov, Nodirbek"]
[Result "0-1"]
[WhiteTitle "GM"]
[BlackTitle "GM"]
[WhiteElo "2751"]
[BlackElo "2762"]
[WhiteFideId "12573981"]
[BlackFideId "14204118"]
[EventDate "2024.08.15"]

1. c4 e6 2. g3 d5 3. Bg2 Nf6 4. Nf3 dxc4 5. Qa4+ Nbd7 6. Qxc4 a6 7. Qc2 c5 8.
Nc3 Qc7 9. d4 b5 10. Bf4 Qa7 11. d5 exd5 12. a4 b4 13. Nxd5 Nxd5 14. Qe4+ Be7
15. Qxd5 Nf6 16. Qd3 Bb7 17. O-O O-O 18. Ne5 Rad8 19. Qb3 Bd6 20. Rad1 Bxg2 21.
Kxg2 Bxe5 22. Bxe5 Qe7 23. Bf4 Nd5 24. Qc4 Qe6 25. b3 Nxf4+ 26. gxf4 Qxc4 27.
bxc4 Rxd1 28. Rxd1 Rb8 29. Kf3 b3 30. Rb1 Rb4 31. Ke3 a5 32. Kd3 g6 33. Kc3 Rxa4
34. Rxb3 Rb4 35. Ra3 a4 36. Ra2 Kg7 37. e3 Kf6 38. Rd2 Rb6 39. Rd5 a3 40. Rd2
Kf5 41. f3 Re6 42. Re2 a2 43. Kb2 Ra6 44. Ka1 Ra3 45. h4 h5 46. Rxa2 Rxe3 47.
Ra5 Kxf4 48. Rxc5 Kxf3 49. Kb2 Kg4 50. Rc7 Rf3 51. c5 Kxh4 52. c6 g5 53. Rd7 Rf5
54. c7 Rc5 55. Rxf7 g4 56. Kb3 Kh3 57. Kb4 Rc1 58. Kb5 g3 59. Kb6 g2 60. Rg7 h4
61. Kb7 Kh2 0-1

[Event "Saint Louis Blitz 2024"]
[Site "Saint Louis USA"]
[Date "2024.08.16"]
[Round "15.5"]
[White "Aronian, Levon"]
[Black "Praggnanandhaa, R"]
[Result "1/2-1/2"]
[WhiteTitle "GM"]
[BlackTitle "GM"]
[WhiteElo "2729"]
[BlackElo "2749"]
[WhiteFideId "13300474"]
[BlackFideId "25059530"]
[EventDate "2024.08.15"]

1. e4 e5 2. d3 Nc6 3. Nc3 Nf6 4. g4 h6 5. Bg2 Bb4 6. h4 d5 7. g5 d4 8. a3 Bxc3+
9. bxc3 Ng8 10. cxd4 Nxd4 11. c3 Nc6 12. f4 exf4 13. Bxf4 hxg5 14. hxg5 Rxh1 15.
Bxh1 Nge7 16. d4 Ng6 17. Be3 Na5 18. Nf3 Bd7 19. Nd2 Qe7 20. Qb1 Qe6 21. Qb4 Qh3
22. Bf3 Nh4 23. O-O-O Nc6 24. Qxb7 Rb8 25. Qxc7 Nxf3 26. d5 Rc8 27. Qd6 Nce5 28.
Nxf3 Rxc3+ 29. Kb1 Nxf3 30. Bc5 Rxc5 31. Qxc5 Ne5 32. Qb4 f6 33. gxf6 gxf6 34.
Rd2 Kf7 35. Ka2 Qe3 36. Qd4 Qe1 37. Rg2 Qf1 38. Rf2 Qc4+ 39. Qxc4 Nxc4 40. Kb3
Ne5 41. Kc3 Ke7 42. Kd4 a6 43. Rf1 Bb5 44. Rh1 Kd6 45. Rh6 Ke7 46. Rh7+ Kd6 47.
Rh6 Ke7 48. Rh7+ Kd6 1/2-1/2

[Event "Saint Louis Blitz 2024"]
[Site "Saint Louis USA"]
[Date "2024.08.16"]
[Round "16.1"]
[White "Abdusattorov, Nodirbek"]
[Black "Dominguez Perez, Leinier"]
[Result "1/2-1/2"]
[WhiteTitle "GM"]
[BlackTitle "GM"]
[WhiteElo "2762"]
[BlackElo "2748"]
[WhiteFideId "14204118"]
[BlackFideId "3503240"]
[EventDate "2024.08.15"]

1. e4 e5 2. Nf3 Nc6 3. Nc3 Nf6 4. d4 exd4 5. Nxd4 Bb4 6. Nxc6 bxc6 7. Bd3 O-O 8.
O-O d5 9. exd5 cxd5 10. h3 c5 11. Bg5 Be6 12. a3 Bxc3 13. bxc3 h6 14. Bh4 c4 15.
Be2 Bf5 16. Bf3 Be4 17. Re1 Re8 18. Rb1 Qd6 19. Bxf6 Qxf6 20. Bxe4 dxe4 21. Qd4
Rad8 22. Rxe4 Rxe4 23. Qxe4 Qxc3 24. a4 Qd4 25. Qc6 Qc3 26. Qe4 Qd4 27. Qe2 a5
28. g3 g6 29. Qe7 Qd6 30. Qa7 Qd2 31. Qc7 Qd5 32. Rb5 Qd1+ 33. Kg2 c3 34. Qxc3
Qd4 35. Qb3 Ra8 36. Rb7 Rf8 37. c4 Qe4+ 38. Kg1 Qe1+ 39. Kg2 Qe4+ 40. Kh2 Qe2
41. Qb6 Qxc4 42. Qxa5 Qe4 43. Rb2 Ra8 44. Qc3 Qxa4 45. Qe5 Qd7 46. Re2 h5 47. h4
Rd8 48. Qe4 Qd5 49. Qxd5 Rxd5 50. Kg2 Kg7 51. Kh2 Kg8 52. Kg2 Kg7 1/2-1/2

[Event "Saint Louis Blitz 2024"]
[Site "Saint Louis USA"]
[Date "2024.08.16"]
[Round "16.3"]
[White "Vachier-Lagrave, Maxime"]
[Black "Caruana, Fabiano"]
[Result "1/2-1/2"]
[WhiteTitle "GM"]
[BlackTitle "GM"]
[WhiteElo "2721"]
[BlackElo "2793"]
[WhiteFideId "623539"]
[BlackFideId "2020009"]
[EventDate "2024.08.15"]

1. e4 e5 2. Nf3 Nc6 3. Bb5 a6 4. Ba4 Nf6 5. O-O b5 6. Bb3 Bc5 7. c3 d6 8. d4 Bb6
9. Be3 O-O 10. Nbd2 Na5 11. Bc2 Ng4 12. a4 Nxe3 13. fxe3 Bd7 14. b4 Nc6 15. Bb3
bxa4 16. Bxa4 a5 17. Bb3 exd4 18. bxa5 Nxa5 19. exd4 Nxb3 20. Qxb3 h6 21. Nc4
Rb8 22. Nxb6 Rxb6 23. Qc2 Re8 24. Rae1 Qb8 25. Rf2 c5 26. e5 cxd4 27. cxd4 Be6
28. h3 Bd5 29. exd6 Rxe1+ 30. Nxe1 Rxd6 31. Qf5 Qd8 32. Qf4 f6 33. Rd2 Re6 34.
Nc2 Qe7 35. Kh2 Re4 36. Qb8+ Kh7 37. Nb4 Bb7 38. Nc2 Bd5 39. Nb4 Bf7 40. Nc2 Bg6
41. Qg3 f5 42. d5 f4 43. Qa3 Qe5 44. Qa1 Qg5 45. Qa3 f3 46. Rf2 Re2 47. Rxe2
fxe2 48. Ne1 Qxd5 49. Qe3 Qd1 50. Nf3 Qd6+ 51. Kg1 Qd1+ 52. Kh2 Bb1 53. g4 Qf1
54. Kg3 Bg6 55. h4 Qd1 56. h5 Bb1 57. g5 e1=Q+ 58. Nxe1 hxg5 59. Nf3 Qd6+ 60.
Kg4 Qf4+ 61. Qxf4 gxf4 62. Kxf4 g6 63. hxg6+ Kxg6 1/2-1/2

[Event "Saint Louis Blitz 2024"]
[Site "Saint Louis USA"]
[Date "2024.08.16"]
[Round "16.4"]
[White "Nepomniachtchi, Ian"]
[Black "Firouzja, Alireza"]
[Result "0-1"]
[WhiteTitle "GM"]
[BlackTitle "GM"]
[WhiteElo "2767"]
[BlackElo "2751"]
[WhiteFideId "4168119"]
[BlackFideId "12573981"]
[EventDate "2024.08.15"]

1. c4 Nf6 2. Nc3 e5 3. Nf3 Nc6 4. g3 d5 5. cxd5 Nxd5 6. Bg2 Bc5 7. Qc2 Ndb4 8.
Qb1 Be6 9. a3 Nd5 10. O-O O-O 11. Ne4 Be7 12. d3 h6 13. b4 a5 14. bxa5 f5 15.
Ned2 Nc3 16. Qxb7 Nxe2+ 17. Kh1 Bd5 18. Re1 Nb4 19. Qxd5+ Nxd5 20. Rxe2 Bf6 21.
Nxe5 Nc3 22. Re1 Bxe5 23. Rxe5 Qxd3 24. Nf3 Ne4 25. Be3 c5 26. Bf1 Qc3 27. Rc1
Qxa3 28. Kg2 Rxa5 29. Rc2 Kh7 30. Bc4 Qa4 31. Rc1 Nd6 32. Bd3 c4 33. Bc2 Qa3 34.
Re6 Re8 35. Rxe8 Nxe8 36. Nd4 Nd6 37. Rb1 Rd5 38. Rb6 Qa2 39. Bb1 Qa8 40. Kg1
Qd8 41. Rc6 Qd7 42. Rb6 Ne4 43. Bxe4 fxe4 44. Ne2 Rd1+ 45. Kg2 Qg4 46. Ng1 Qc8
47. Ne2 c3 48. Rb3 Qc4 0-1

[Event "Saint Louis Blitz 2024"]
[Site "Saint Louis USA"]
[Date "2024.08.16"]
[Round "16.5"]
[White "Praggnanandhaa, R"]
[Black "So, Wesley"]
[Result "1-0"]
[WhiteTitle "GM"]
[BlackTitle "GM"]
[WhiteElo "2749"]
[BlackElo "2751"]
[WhiteFideId "25059530"]
[BlackFideId "5202213"]
[EventDate "2024.08.15"]

1. d4 d5 2. Nf3 Nf6 3. Bf4 c5 4. e3 Nc6 5. Bb5 cxd4 6. Nxd4 Bd7 7. Nxc6 bxc6 8.
Be2 g6 9. O-O Bg7 10. Be5 O-O 11. c4 Be6 12. cxd5 cxd5 13. Nc3 Ne4 14. Bxg7 Kxg7
15. Qd4+ Nf6 16. Rac1 Qb6 17. Na4 Qxd4 18. exd4 Rfb8 19. b3 Bd7 20. Nc5 Bb5 21.
Bxb5 Rxb5 22. Nd3 Rb7 23. Rc5 a5 24. f3 e6 25. Rfc1 Ne8 26. Rc6 h5 27. Kf2 Kf6
28. h4 Ng7 29. g4 hxg4 30. fxg4 g5 31. h5 Ne8 32. Ke3 Kg7 33. Rf1 Rd8 34. Ra6
Nd6 35. Rxa5 f5 36. Ne5 fxg4 37. Nxg4 Nf5+ 38. Kd3 Rb4 39. Ra7+ Kf8 40. Kc3 Rxd4
41. Rxf5+ exf5 42. Kxd4 fxg4 43. h6 Rd6 44. Ra8+ 1-0

[Event "Saint Louis Blitz 2024"]
[Site "Saint Louis USA"]
[Date "2024.08.16"]
[Round "17.1"]
[White "Firouzja, Alireza"]
[Black "Caruana, Fabiano"]
[Result "0-1"]
[WhiteTitle "GM"]
[BlackTitle "GM"]
[WhiteElo "2751"]
[BlackElo "2793"]
[WhiteFideId "12573981"]
[BlackFideId "2020009"]
[EventDate "2024.08.15"]

1. Nh3 d5 2. g3 e5 3. d4 exd4 4. Qxd4 Nc6 5. Qd1 Nf6 6. Bg2 Bc5 7. Nf4 d4 8. O-O
O-O 9. c4 Re8 10. Nd2 a5 11. Nb3 Ba7 12. a4 Ne5 13. Nxa5 c6 14. b4 Bb6 15. c5
Bxa5 16. bxa5 Bf5 17. Bb2 g5 18. Qxd4 Qxd4 19. Bxd4 gxf4 20. gxf4 Ned7 21. f3
Rxe2 22. Rfd1 Nd5 23. Bf1 Rc2 0-1

[Event "Saint Louis Blitz 2024"]
[Site "Saint Louis USA"]
[Date "2024.08.16"]
[Round "17.3"]
[White "Aronian, Levon"]
[Black "Abdusattorov, Nodirbek"]
[Result "0-1"]
[WhiteTitle "GM"]
[BlackTitle "GM"]
[WhiteElo "2729"]
[BlackElo "2762"]
[WhiteFideId "13300474"]
[BlackFideId "14204118"]
[EventDate "2024.08.15"]

1. d4 e6 2. e4 d5 3. exd5 exd5 4. Nf3 Bd6 5. c4 Nf6 6. Nc3 O-O 7. cxd5 Bg4 8.
Be2 Nbd7 9. O-O Nb6 10. Bg5 Be7 11. h3 Bh5 12. Bxf6 Bxf6 13. Qb3 Bxf3 14. Bxf3
Bxd4 15. Rad1 Be5 16. Ne4 Bd6 17. g3 a5 18. a3 a4 19. Qc3 Nd7 20. h4 h6 21. Rfe1
f5 22. Nxd6 cxd6 23. Re6 Rc8 24. Qd4 Ne5 25. Rxe5 dxe5 26. Qxe5 Qf6 27. Qf4 Qxb2
28. d6 Qxa3 29. d7 Rcd8 30. Bxb7 Qb2 31. Bd5+ Kh8 32. Qxa4 f4 33. gxf4 Qe2 34.
Rd4 Qg4+ 35. Bg2 Qxh4 36. Qc4 Qg4 37. Qd3 Rxf4 38. Rxf4 Qxf4 39. Bh3 Qg5+ 40.
Kf1 Qf6 41. Qe3 Kh7 42. Qe4+ g6 43. Qe8 Kg7 44. Kg2 Qc6+ 0-1

[Event "Saint Louis Blitz 2024"]
[Site "Saint Louis USA"]
[Date "2024.08.16"]
[Round "17.4"]
[White "Praggnanandhaa, R"]
[Black "Vachier-Lagrave, Maxime"]
[Result "0-1"]
[WhiteTitle "GM"]
[BlackTitle "GM"]
[WhiteElo "2749"]
[BlackElo "2721"]
[WhiteFideId "25059530"]
[BlackFideId "623539"]
[EventDate "2024.08.15"]

1. d4 Nf6 2. Bg5 d5 3. e3 c5 4. Bxf6 exf6 5. Nc3 Be6 6. Nge2 Nc6 7. Nf4 cxd4 8.
exd4 Bb4 9. Bb5 O-O 10. Bxc6 bxc6 11. O-O Bd6 12. Qf3 Qb6 13. Nxe6 fxe6 14. Qe3
e5 15. dxe5 fxe5 16. Na4 Qc7 17. c4 Rf4 18. b3 d4 19. Qe2 e4 20. g3 d3 21. Qe3
Rg4 22. h3 Rg6 23. Qxe4 Bxg3 24. Kh1 Qd7 0-1

[Event "Saint Louis Blitz 2024"]
[Site "Saint Louis USA"]
[Date "2024.08.16"]
[Round "17.5"]
[White "Dominguez Perez, Leinier"]
[Black "Nepomniachtchi, Ian"]
[Result "0-1"]
[WhiteTitle "GM"]
[BlackTitle "GM"]
[WhiteElo "2748"]
[BlackElo "2767"]
[WhiteFideId "3503240"]
[BlackFideId "4168119"]
[EventDate "2024.08.15"]

1. e4 Nf6 2. e5 Nd5 3. d4 d6 4. Nf3 dxe5 5. Nxe5 g6 6. Bc4 Bg7 7. O-O O-O 8. Re1
Nb6 9. Bb3 N8d7 10. Qe2 Nxe5 11. dxe5 a5 12. a4 Be6 13. Bxe6 fxe6 14. Nd2 Qd5
15. Nf3 Rf5 16. b3 Raf8 17. Rd1 Qc6 18. Nd4 Rxe5 19. Qxe5 Bxe5 20. Nxc6 Bxa1 21.
Nxa5 Rb8 22. Be3 Bc3 23. Bxb6 cxb6 24. Nc4 Ba5 25. Rd7 Kf8 26. g4 Ke8 27. Rd3
Kf7 28. Kg2 Kf6 29. Rf3+ Kg7 30. Rd3 Kf6 31. h4 h6 32. Kg3 g5 33. Rf3+ Kg7 34.
h5 Rc8 35. Rd3 Rc7 36. Kf3 Bb4 37. Ke4 Bc5 38. f3 Bg1 39. Rd8 Bh2 40. Rd2 Bf4
41. Rd1 Kf7 42. Rd8 Rc5 43. Rd7 b5 44. axb5 Rxb5 45. Rd8 Rb4 46. Kd3 Rb5 47. Ke4
Rb4 48. Kd3 Rb5 49. Rh8 Kg7 50. Re8 Kf7 51. Rh8 Kg7 52. Rc8 Kf7 53. Ke2 Rd5 54.
Ra8 b5 55. Na3 Rd2+ 56. Ke1 b4 57. Nc4 Rxc2 58. Ra4 Rc3 59. Rxb4 Rxf3 60. Rb7
Rg3 61. b4 Rxg4 62. Ke2 Rg2+ 63. Kf3 Rc2 64. Na5 Rc3+ 65. Ke4 Re3+ 66. Kd4 g4
67. Nc6 g3 68. Nxe7 Kf6 69. Ng8+ 0-1

[Event "Saint Louis Blitz 2024"]
[Site "Saint Louis USA"]
[Date "2024.08.16"]
[Round "18.1"]
[White "Nepomniachtchi, Ian"]
[Black "Aronian, Levon"]
[Result "1/2-1/2"]
[WhiteTitle "GM"]
[BlackTitle "GM"]
[WhiteElo "2767"]
[BlackElo "2729"]
[WhiteFideId "4168119"]
[BlackFideId "13300474"]
[EventDate "2024.08.15"]

1. e4 e6 2. d4 d5 3. Nc3 Bb4 4. a3 Bxc3+ 5. bxc3 dxe4 6. Qg4 Nf6 7. Qxg7 Rg8 8.
Qh6 Nbd7 9. Ne2 b6 10. c4 Bb7 11. Bb2 Qe7 12. h3 O-O-O 13. O-O-O Ne8 14. c5 bxc5
15. dxc5 Qxc5 16. Nd4 Nd6 17. Qd2 Qg5 18. Qxg5 Rxg5 19. h4 Rgg8 20. Rh3 Nb6 21.
Nb3 Ndc4 22. Rxd8+ Rxd8 23. Bf6 Rg8 24. Bg5 Bd5 25. Nc5 Nd7 26. Nxe4 Bxe4 27.
Bxc4 Bxg2 28. Rg3 Be4 29. Re3 Bd5 30. Ba6+ Kb8 31. Bd3 h5 32. Be2 f6 33. Bf4 e5
34. Bg3 Bf7 35. f4 Re8 36. Bb5 exf4 37. Rxe8+ Bxe8 38. Bxf4 Kc8 39. Kd2 Kd8 40.
Bxd7 Kxd7 41. Be3 a6 42. Bd4 Ke6 43. Ke3 Kf5 44. c4 Bf7 45. c5 Bd5 46. Bc3 c6
47. a4 Bb3 48. a5 Bd1 49. Bb2 Ke6 50. Kd4 Bf3 51. Bc3 Bg4 52. Bb2 Kf5 53. Ke3
Bd1 54. Bc3 Bb3 55. Bb2 Ke6 56. Kd4 Kf5 57. Ke3 Ke6 58. Kd4 Kf5 59. Ke3 Ke6 60.
Kd4 1/2-1/2

[Event "Saint Louis Blitz 2024"]
[Site "Saint Louis USA"]
[Date "2024.08.16"]
[Round "18.2"]
[White "Vachier-Lagrave, Maxime"]
[Black "Firouzja, Alireza"]
[Result "0-1"]
[WhiteTitle "GM"]
[BlackTitle "GM"]
[WhiteElo "2721"]
[BlackElo "2751"]
[WhiteFideId "623539"]
[BlackFideId "12573981"]
[EventDate "2024.08.15"]

1. e4 d6 2. d4 c6 3. Nf3 Qc7 4. c4 e5 5. Nc3 Nf6 6. Be2 Be7 7. O-O Nbd7 8. b3
Nf8 9. Re1 Bg4 10. d5 cxd5 11. exd5 Ng6 12. Be3 O-O 13. Rc1 a6 14. b4 Bxf3 15.
Bxf3 Qxc4 16. a3 Rac8 17. Na4 Qh4 18. h3 e4 19. Rxc8 Rxc8 20. Bg4 Nxg4 21. Qxg4
Qxg4 22. hxg4 b5 23. Nb6 Rc3 24. Bd4 Rxa3 25. Rxe4 Rd3 26. Nc8 Bf8 27. Kf1 Rb3
28. Re8 Rxb4 29. Be3 Rb3 30. Nxd6 Rd3 31. Nf5 Rxd5 32. Ra8 b4 33. Rxa6 Rb5 34.
Nd4 Rb8 35. Nc6 Rb7 36. Na5 Rb5 37. Nb3 Ne5 38. Ra8 f6 39. Bc5 Nd7 40. Bxf8 Nxf8
41. Ke2 Rb7 42. Nc5 b3 43. Ra1 Rb5 44. Nd3 Ne6 45. Rb1 Kf7 46. Kd2 Kg6 47. f4
Nc7 48. Kc3 h5 49. gxh5+ Kxh5 50. Nf2 Kh4 51. Ne4 Kg4 52. g3 f5 53. Nd2 b2 54.
Nc4 Kxg3 55. Nxb2 Kxf4 56. Nd3+ Kg5 57. Rg1+ Kf6 58. Nf4 g5 59. Nh5+ Kg6 60.
Nf4+ Kh6 61. Nd3 f4 62. Kc4 Ra5 63. Nf2 Kg6 64. Kd4 Ne6+ 65. Ke4 Nc5+ 66. Kf3
Kf5 67. Rc1 Ra3+ 68. Kg2 Nd3 69. Nxd3 Rxd3 0-1

[Event "Saint Louis Blitz 2024"]
[Site "Saint Louis USA"]
[Date "2024.08.16"]
[Round "18.4"]
[White "Caruana, Fabiano"]
[Black "Dominguez Perez, Leinier"]
[Result "1/2-1/2"]
[WhiteTitle "GM"]
[BlackTitle "GM"]
[WhiteElo "2793"]
[BlackElo "2748"]
[WhiteFideId "2020009"]
[BlackFideId "3503240"]
[EventDate "2024.08.15"]

1. Nf3 d5 2. g3 g6 3. Bg2 Bg7 4. O-O e5 5. d3 Ne7 6. Nc3 Nbc6 7. e4 dxe4 8. Nxe4
O-O 9. Re1 h6 10. Bd2 b6 11. b4 a6 12. a4 Be6 13. Rb1 Nd4 14. Nxd4 exd4 15. h4
Nd5 16. a5 Qd7 17. f4 f5 18. Nf2 b5 19. h5 gxh5 20. Qxh5 Rae8 21. Qf3 c6 22. Re2
Re7 23. Rbe1 Rfe8 24. Bh3 Nf6 25. Kh2 Bd5 26. Rxe7 Rxe7 27. Rxe7 Qxe7 28. Qd1
Qe6 29. Qe1 h5 30. Qxe6+ Bxe6 31. Kg1 Bf8 32. Ne4 Ng4 33. Nc5 Bxc5 34. bxc5 Bd5
35. Bc1 Kf7 36. Bb2 Ne3 37. Bxd4 Nxc2 38. Bb2 Kg6 39. Kf2 Nb4 40. Ke3 Bh1 41.
Kd4 Kf6 42. Ke3+ Kg6 43. Bf1 Nd5+ 44. Kd4 Kf6 45. Be2 Ke6 46. Bxh5 Nf6 47. Bg6
Bd5 48. Ke3 Ng4+ 49. Kd2 Bf3 50. Bg7 Bd5 51. Kc3 Bf3 52. Bd4 Bd5 53. Bh7 Bg2 54.
Bg8+ Kd7 55. Bf7 Bf3 56. Bg7 Bg2 57. Kd2 Bf3 58. Bc3 Bg2 59. Bg8 Bf3 60. Bg7 Bg2
61. Kc3 Bf3 62. Kd4 Bg2 63. Bf8 Bf3 64. Bf7 Bg2 65. Bg6 Ke6 66. Bd6 Bh1 67. Kc3
Bg2 68. Bh5 Nf6 69. Be2 Ng4 70. Bd1 Bh1 71. Kd4 Bd5 72. Bf8 Nf6 73. Ke3 Ng4+ 74.
Kd4 Nf6 75. Bg7 Ng4 76. Kc3 Kf7 77. Bd4 Ke6 78. Bg1 Kf7 79. Bc2 Ke6 80. Kd2 Kf7
81. d4 Ke6 82. Bd3 Nf6 83. Bf2 Be4 84. Be2 Bd5 85. Be1 Ng4 86. Bd1 Nf6 87. Ke3
Ng4+ 88. Kd2 Nf6 89. Ke3 Ng4+ 90. Kd2 Nf6 1/2-1/2

[Event "Saint Louis Blitz 2024"]
[Site "Saint Louis USA"]
[Date "2024.08.16"]
[Round "18.5"]
[White "Abdusattorov, Nodirbek"]
[Black "So, Wesley"]
[Result "1/2-1/2"]
[WhiteTitle "GM"]
[BlackTitle "GM"]
[WhiteElo "2762"]
[BlackElo "2751"]
[WhiteFideId "14204118"]
[BlackFideId "5202213"]
[EventDate "2024.08.15"]

1. d4 Nf6 2. Nf3 d5 3. Bf4 c5 4. e3 Nc6 5. Nbd2 cxd4 6. exd4 Bf5 7. c3 e6 8. Qb3
Bd6 9. Bxd6 Qxd6 10. Be2 O-O 11. O-O Rab8 12. a4 Ne4 13. Rfe1 Qc7 14. Qa3 Nxd2
15. Nxd2 Ne7 16. a5 Nc8 17. Nf3 Bg4 18. Ne5 Bxe2 19. Rxe2 Nd6 20. Qb4 Rfc8 21.
g3 h6 22. Kg2 Nc4 23. Nd3 Qd6 24. Qxd6 Nxd6 25. g4 g6 26. h4 Kg7 27. a6 b6 28.
Rh1 Rh8 29. h5 g5 30. f3 Rbc8 31. Ra1 Rc7 32. Kg3 Kf6 33. Nb4 Rg8 34. Rf1 Kg7
35. Kh3 Kf8 36. Kg3 Kg7 37. Kh3 Kf8 38. Kg3 Kg7 1/2-1/2